000 00849nam a2200205 a 4500
001 000041979
005 20201002035849.0
008 131030s1988 sp ad 000 0 spa d
020 _a8400069269 (v.1)
040 _aDO-SdBNP
_bspa
_cBNPHU
245 0 3 _aRelaciones geográficas del arzobispado de México, 1743 /
_cedición de Francisco de Solano ; preparación y transcripción de los textos, Catalina Romero... [et al.].
260 _aMadrid :
_bConsejo Superior de Investigaciones Científicas,
_c1988.
300 _a287 p. : ;
_c24 cm.
490 1 _aTierra Nueva e Cielo Nuevo ;
_v28
505 2 _bv. 1
500 _aV Centenario del Descubrimiento de América
700 1 _aSolano, Francisco de,
_eed.
_915306
710 2 _aConsejo Superior de Investigaciones Científicas (España)
_915178
830 0 _aTierra Nueva e Cielo Nuevo ;
_v28
_915432
999 _c41468
_d41468